Best Airport Companies in the world - Statistics

General Stats
  • This quiz has been taken 11 times
  • The average score is 4 of 10
Answer Stats
Hint Answer % Correct
qatar Qatar airways
82%
UAE Emirates
73%
Japan japan airlines
73%
singapore Singapore airways
36%
Turkey Turkish airways
36%
Japan All Nippon Airways
27%
china cathay pacific
27%
France France airways
9%
China Hainan Airlines
9%
South korea Korea airways
9%
No matching quizzes found
Score Distribution
Percent of People with Each Score
Percentile by Number Answered
Your Score History
You have not taken this quiz